000 00536cam a2200193 a 4500
020 _a0765311046 (alk. paper)
082 0 0 _a813/.54
100 1 _aPreston, Douglas J.
245 1 0 _aTyrannosaur Canyon /
_cDouglas Preston.
250 _a1st ed.
260 _aNew York :
_bForge,
_c2005.
300 _a365 p. ;
_c24 cm.
563 _aH.B
942 _2ddc
_cBK
999 _c589216
_d589216